LEADER 01383nam a2200325 a 4500 001 000000129191 003 CaOOAMICUS 005 20120606112937.0 008 120606s2009 it adfb u000 u ita r 020 $a978-88-7228-596-1 040 $aPUL$bita 082 04$a945.01 100 1 $aOtranto, Giorgio.$0(OLS)http://pul/name/330 245 10$aPer una storia dell'Italia tardoantica cristiana /$cGiorgio Otranto. 260 $aBari :$bEdipuglia,$cİ2009. 300 $a693 p., [6] c. di tav. ripieg. :$bill., grafici, c. geogr. ;$c24 cm 490 1 $aBiblioteca tardoantica ;$v03 500 $aBibliografia p. [565]-634. 500 $aInclude indici. 650 4$aCristianesimo$yEvo antico.$0(OLS)http://pul/subject/7783 650 4$aCristianesimo$zItalia$xStoria.$0(OLS)http://pul/subject/7394 830 0$aBiblioteca tardoantica ;$v03.$0(OLS)http://pul/title/163253 850 $aPUL 852 $aPUL$W1$xSL Cons. Gen., Altre Classi 3$y75$m945. 01 OTRGI 1$j149597$qDDC 21$B148123$CPULBib$Z2$F148123 $H120008 $82 941 1 $a9 996 $6020$a978-88-7228-596-1$9(OLS)http://pul/number/149917 996 $6082$a945.01$9(OLS)http://pul/classification/2294 996 $6245$aPer una storia dell'Italia tardoantica cristiana$9(OLS)http://pul/title/163252 996 $6260$aBari :$bEdipuglia$9(OLS)http://pul/publisher/48030 LEADER 01644nam a2200349 u 4500 001 000000070611 003 CaOOAMICUS 005 20070226122035.0 008 020510s2000 it u000 u ita u 020 $a8813226055 035 $a10929404 040 $aPUL$bita 100 1 $aMarchetti, Piergaetano.$0(OLS)http://pul/name/32795 245 10$aCommentario breve al diritto della concorrenza :$bappendice di aggiornamento /$cPiergaetano Marchetti, Luigi Carlo Ubertazzi ; con la collaborazione di Alessandra Amendola ... [et al.]. 260 $aPadova :$bCEDAM,$c2000. 300 $a494 p. ;$c21 cm 490 1 $aBreviaria Iuris ;$v5 500 $aComprende indici. 610 14$aItalia$xLeggi, statuti, ecc.$0(OLS)http://pul/subject/2360 650 4$aDiritto industriale.$0(OLS)http://pul/subject/18173 700 1 $aUbertazzi, Luigi Carlo.$0(OLS)http://pul/name/32796 830 0$aBreviaria Iuris ;$v5.$0(OLS)http://pul/title/8521 850 $aPUL 852 $aPUL$W1$xDP2 Diritto e Scienze Sociali 2$y100$mUtrCiv D 23a$j91362$nBK-PRI$qStampati altre collocazioni$B91362$CPULBib$Z2$F91362 $H87127 $82 852 $aPUL$W1$xDP2 Cons. Gen., Altre Classi 1$y61$m1378 F 9$j91363$nBK-PRI$qStampati$B91363$CPULBib$Z2$F91363 $H87128 $82 941 1 $a10 941 1 $a8 961 $aINV: 87127 961 $aINV: 87128 996 $6020$a8813226055$9(OLS)http://pul/number/91307 996 $6245$aCommentario breve al diritto della concorrenza :$bappendice di aggiornamento$9(OLS)http://pul/title/93066 996 $6260$aPadova :$bCEDAM$9(OLS)http://pul/publisher/48126